| 000 | 01313nas1a22003011i 4500 | ||
|---|---|---|---|
| 001 | RU\NLR\Per\1208641 | ||
| 005 | 20260412030708.0 | ||
| 011 | 0 | _a2500-2384 | |
| 035 | _a(NLR Aleph) 011089295 | ||
| 090 |
_a11358753 _c11358753 |
||
| 100 | _a20160316a20139999|||y0rusy50 ca | ||
| 101 | 0 | _arus | |
| 102 | _aRU | ||
| 110 | _aaj||||||||| | ||
| 200 | 1 |
_aНовости науки _eбюллетень _fФиз. фак. МГУ им. М.В. Ломоносова |
|
| 210 |
_aМосква _cФизический факультет МГУ _d2014 - |
||
| 601 | 0 | 2 |
_aМГУ им. М.В. Ломоносова _bФизический факультет _jПериодические издания _92278604 _3RU\NLR\AUTH\6601593721 |
| 606 | 1 |
_aФизика _jПериодические издания _9898198 _3RU\NLR\AUTH\665898 |
|
| 686 | 1 | _aВ3я54 | |
| 686 | 1 | _aЧ488.24(2Р)7я54 | |
| 712 | 0 | 2 |
_aМГУ им. М. В. Ломоносова _bФизический факультет _9367921 _3RU\NLR\AUTH\889936558 |
| 852 |
_aNLR _jП8/1882 |
||
| 942 | _cJOURNAL | ||
| 980 | _aRUSPER | ||